000
00187 a2200097 4500
001
22966
100
_a
Nutting, A
245
_a
The Arabs
260
_a
_b
Hollis
_c
090
_c
15535
_d
15535
942
_a
NUST-CAE
_c
M
_c
6153
999
_c
258039
_d
258039